00781 2200301 4500001002100000005001700021008004100038020001800079035002400097082001000121090002000131100001300151245007300164250001100237260003500248300002900283500002600312650001000338700001300348700001300361700002100374700002200395700001100417850001500428980001500443985000600458999001500464YOGYA-0209000003591420090227025050.0 ind  a979-489-033-2 0010-020900000035914 a634.6 a634.6bEdy PlT aEdy, Yoe aPalemcYoe Edy...[et.al.] ; ilustrator, Sutikno, Suhirman dan Kurnia aCet. 2 aJakartabPenebar Swadayac1990 avii, 66 hlmbilusc14 cm aBibliografi : hlm. 65 aPalem aSuhirman aFarida H aharefa, Yenny Rn aSuhirman, Sutikno aKurnia aYOPDYOG(B) a01-19-2006 a1 a94P0048719